[Event "VIE-ch U09"]
[Site "Ho Chi Minh City"]
[Date "2014.07.14"]
[Round "3"]
[White "Hoang, Quoc Khanh"]
[Black "Cao, Minh Triet"]
[Result "1-0"]
[WhiteElo "1499"]
[BlackElo "1454"]
[PlyCount "51"]
[EventDate "2014.07.13"]
[EventType "swiss"]
[EventRounds "9"]
[EventCountry "VIE"]
[SourceTitle "EXT 2016"]
[Source "ChessBase"]
[SourceDate "2015.10.08"]
[SourceVersion "1"]
[SourceVersionDate "2015.10.08"]
[SourceQuality "1"]

1. e4 e5 2. Nf3 Nc6 3. Bc4 Bc5 4. c3 Nf6 5. d4 Bd6 6. Bg5 h6 7. Bh4 Qe7 8. d5 Na5 9. Bd3 b6 10. Nbd2 Nb7 11. Nc4 Nc5 12. b4 Na6 13. a3 g5 14. Bg3 c6 15. Nxd6+ Qxd6 16. Bxe5 Qe7 17. Bxf6 Qxf6 18. e5 Qe7 19. d6 Qe6 20. Qe2 0-0 21. Qe4 f5 22. Qc4 Re8 23. Qxe6+ Rxe6 24. Bc4 Bb7 25. Bxe6+ dxe6 26. 0-0 1-0